000 01036nam0a22002771 4500
001 rc\2281510
005 20250623033709.0
021 _aRU
_b77-75309
035 _a(NLR Aleph) 006548906
090 _a6718103
_c6718103
100 _a20110829d1977 |||y0rusy50 ca
101 0 _arus
102 _aRU
105 _ay z |||||
200 1 _aФизиологические аспекты интродукции растений
_eТез. докл.
_fВсесоюз. школы-семинара молодых учен. ботан. садов 5-9 сент. 1977 г., АН ЛатвССР. Ботан. сад
_gРедкол.: к. б. н. Г.К. Баумане (отв. ред.) [и др.]
210 _aРига
_cЗинатне
_d1977
215 _a60 с.
_d20
686 _aП139я431(2)
_2rubbk
702 1 _aБаумане
_bГ.К.
_4340
801 0 _aRU
_bNLR
_gpsbo
801 1 _aRU
_bELAR
_2rusmarc
852 _aNLR
_j77-4/24258+77/75309
899 _aRuMoRGB
_jБ 77-56/255
899 _aRuMoRGB
_jБ 77-56/256
942 _cBOOK
980 _aNB